| 000 | 00538nam a2200181Ia 4500 | ||
|---|---|---|---|
| 003 | OSt | ||
| 005 | 20200812115442.0 | ||
| 008 | 190216s9999||||xx |||||||||||||| ||und|| | ||
| 020 | _a0852260013 | ||
| 040 | _coclc | ||
| 082 |
_a547 _bMUK/O |
||
| 100 |
_aMukherji, S M _94065 |
||
| 245 | 0 |
_aOrganic Chemistry / _cS M Mukherji ; S P Singh ; R P Kapoor |
|
| 260 |
_bNew Age International Publishers, _aNew Delhi: _c2000. |
||
| 300 | _a958p | ||
| 650 | _aChemistry-Chemistry | ||
| 942 |
_cBK _2ddc _h547 _iMUK/O _k547 _mMUK/O |
||
| 999 |
_c3213 _d3213 |
||